Normal view
MARC view
Entry Personal Name
001 - CONTROL NUMBER
- control field: 581069
003 - CONTROL NUMBER IDENTIFIER
- control field: OSt
005 - DATE AND TIME OF LATEST TRANSACTION
- control field: 20221005024756.0
008 - FIXED-LENGTH DATA ELEMENTS
- fixed length control field: 221005|| aca||aabn | a|a d
040 ## - CATALOGING SOURCE
- Original cataloging agency: OSt
- Transcribing agency: OSt
100 ## - HEADING--PERSONAL NAME
- Personal name: Zaved Ali - Ashri Au
670 ## - SOURCE DATA FOUND
- Source citation: Work cat.: (OSt)933433: Zaved Ali - Ashri Au., Istadai-e-al-shakhsiaat-al-tarasiah fi-al-shoar al-Arabi-al-ma'asir, 2005
